| 000 | 00520nam a2200217Ia 4500 | ||
|---|---|---|---|
| 003 | 0100 | ||
| 008 | 130227s9999 xx 000 0 und d | ||
| 040 | _cARRUPELIB | ||
| 050 | _aHC105.7.E27 | ||
| 100 | _aAmacher, C. Ryan | ||
| 245 | 4 | _aThe Economic approach to public policy | |
| 260 | _aLondon | ||
| 260 | _bCornell University Press | ||
| 260 | _C1976 | ||
| 300 | _a528p. | ||
| 300 | _b 21cm. | ||
| 650 | _bDemocracy | ||
| 650 | _cPolitical participation | ||
| 650 | _dPolitical culture | ||
| 942 |
_2lcc _01 |
||
| 999 |
_c3660 _d3660 |
||